02653nam a2200397Ia 4500001000900000003000500009005001700014008004100031010001100072020001800083040000900101082001200110110002500122245005400147260003800201300001100239500025000250503001300500650003100513650002500544650002300569650002800592901001200620902000600632905006300638942001500701999001900716952019000735952019000925952019001115952019001305952019001495952019001685952019001875952019002065dia_3428CHAP20251023163108.0220117s1988 xx 000 0 und d a173892 a968-451-715-7 cCHAP a658 B5Y aMc Graw-Hill9154667 aBiblioteca practica de negocios /c Mc Graw-Hill aMéxico :b Mc Graw-Hill,c1988 a8 vol. aLa biblioteca tien: v.1 Administración moderna; v.2 Administración de operaciones; v.3 Administración de personal y recursos humanos; v.4 Administración financiera; v.5 Contabilidad; v.6 Economía; v.7 Mercadotecnía; v.8 Informática aI.144346 a1.Adminstración 9154668 aContabilidad 927421 aEconomÍa 935226 aMercadotecnía9148164 a658 B5Y aM a0000001988 MX X 0000000000SPA00 cLIBRO2ddc c173892d173892 00102ddc4051708GRALaIA_bIA_d1989-02-02eCompra AMAT F. 4785 / Res. 21948 (2-Feb-1989)g37500.00hVolumen: 8 i144346l0o658 B5Y V.8pdia_2966r2022-01-18 00:00:00tEj. 1yLIBRO 00102ddc4051708GRALaIA_bIA_d1989-02-02eCompra AMAT F. 4785 / Res. 21948 (2-Feb-1989)g37500.00hVolumen: 1 i144346l0o658 B5Y V.1pdia_2959r2022-01-18 00:00:00tEj. 1yLIBRO 00102ddc4051708GRALaIA_bIA_d1989-02-02eCompra AMAT F. 4785 / Res. 21948 (2-Feb-1989)g37500.00hVolumen: 2 i144346l0o658 B5Y V.2pdia_2960r2022-01-18 00:00:00tEj. 1yLIBRO 00102ddc4051708GRALaIA_bIA_d1989-02-02eCompra AMAT F. 4785 / Res. 21948 (2-Feb-1989)g37500.00hVolumen: 3 i144346l0o658 B5Y V.3pdia_2961r2022-01-18 00:00:00tEj. 1yLIBRO 00102ddc4051708GRALaIA_bIA_d1989-02-02eCompra AMAT F. 4785 / Res. 21948 (2-Feb-1989)g37500.00hVolumen: 4 i144346l0o658 B5Y V.4pdia_2962r2022-01-18 00:00:00tEj. 1yLIBRO 00102ddc4051708GRALaIA_bIA_d1989-02-02eCompra AMAT F. 4785 / Res. 21948 (2-Feb-1989)g37500.00hVolumen: 5 i144346l0o658 B5Y V.5pdia_2963r2022-01-18 00:00:00tEj. 1yLIBRO 00102ddc4051708GRALaIA_bIA_d1989-02-02eCompra AMAT F. 4785 / Res. 21948 (2-Feb-1989)g37500.00hVolumen: 6 i144346l0o658 B5Y V.6pdia_2964r2022-01-18 00:00:00tEj. 1yLIBRO 00102ddc4051708GRALaIA_bIA_d1989-02-02eCompra AMAT F. 4785 / Res. 21948 (2-Feb-1989)g37500.00hVolumen: 7 i144346l0o658 B5Y V.7pdia_2965r2022-01-18 00:00:00tEj. 1yLIBRO